<?xml version="1.0" encoding="UTF-8"?>
<record
    xmlns:xsi="http://www.w3.org/2001/XMLSchema-instance"
    xsi:schemaLocation="http://www.loc.gov/MARC21/slim http://www.loc.gov/standards/marcxml/schema/MARC21slim.xsd"
    xmlns="http://www.loc.gov/MARC21/slim">

  <leader>01644nam0a2200325 i 4500</leader>
  <controlfield tag="001">RU\NLR\BIBL_A\011490127</controlfield>
  <controlfield tag="005">20260406005127.0</controlfield>
  <datafield tag="010" ind1=" " ind2=" ">
    <subfield code="a">9785170837441</subfield>
    <subfield code="b">&#x421;&#x442;&#x440;&#x430;&#x43D;&#x438;&#x446;&#x44B; &#x438;&#x441;&#x442;&#x43E;&#x440;&#x438;&#x438;</subfield>
    <subfield code="9">1250</subfield>
  </datafield>
  <datafield tag="021" ind1=" " ind2=" ">
    <subfield code="a">RU</subfield>
    <subfield code="b">2017-67297</subfield>
    <subfield code="9">4765</subfield>
  </datafield>
  <datafield tag="035" ind1=" " ind2=" ">
    <subfield code="a">(RuMoRGB)009384957</subfield>
  </datafield>
  <datafield tag="035" ind1=" " ind2=" ">
    <subfield code="a">(NLR Aleph) 011490127</subfield>
  </datafield>
  <datafield tag="090" ind1=" " ind2=" ">
    <subfield code="a">11940388</subfield>
    <subfield code="c">11940388</subfield>
  </datafield>
  <datafield tag="100" ind1=" " ind2=" ">
    <subfield code="a">20171005d2017    km y0rusy50      ca</subfield>
  </datafield>
  <datafield tag="101" ind1="1" ind2=" ">
    <subfield code="a">rus</subfield>
    <subfield code="c">eng</subfield>
  </datafield>
  <datafield tag="102" ind1=" " ind2=" ">
    <subfield code="a">RU</subfield>
  </datafield>
  <datafield tag="105" ind1=" " ind2=" ">
    <subfield code="a">y|||z|||000zy</subfield>
  </datafield>
  <datafield tag="200" ind1="1" ind2=" ">
    <subfield code="a">&#x411;&#x435;&#x441;&#x43F;&#x43E;&#x43A;&#x43E;&#x439;&#x43D;&#x43E;&#x435; &#x43B;&#x435;&#x442;&#x43E; 1927</subfield>
    <subfield code="e">[&#x447;&#x442;&#x43E; &#x43F;&#x440;&#x43E;&#x438;&#x441;&#x445;&#x43E;&#x434;&#x438;&#x43B;&#x43E; &#x438; &#x447;&#x442;&#x43E; &#x43D;&#x435; &#x43F;&#x440;&#x43E;&#x438;&#x441;&#x445;&#x43E;&#x434;&#x438;&#x43B;&#x43E; &#x432; &#x410;&#x43C;&#x435;&#x440;&#x438;&#x43A;&#x435; &#x44D;&#x442;&#x438;&#x43C; &#x43B;&#x435;&#x442;&#x43E;&#x43C;]</subfield>
    <subfield code="f">&#x411;&#x438;&#x43B;&#x43B; &#x411;&#x440;&#x430;&#x439;&#x441;&#x43E;&#x43D;</subfield>
    <subfield code="g">[&#x43F;&#x435;&#x440;&#x435;&#x432;&#x43E;&#x434; &#x441; &#x430;&#x43D;&#x433;&#x43B;&#x438;&#x439;&#x441;&#x43A;&#x43E;&#x433;&#x43E; &#x41E;. &#x41F;&#x435;&#x440;&#x444;&#x438;&#x43B;&#x44C;&#x435;&#x432;&#x430;]</subfield>
  </datafield>
  <datafield tag="210" ind1=" " ind2=" ">
    <subfield code="a">&#x41C;&#x43E;&#x441;&#x43A;&#x432;&#x430;</subfield>
    <subfield code="c">&#x410;&#x421;&#x422;</subfield>
    <subfield code="d">2017</subfield>
  </datafield>
  <datafield tag="215" ind1=" " ind2=" ">
    <subfield code="a">510, [1] &#x441;.</subfield>
    <subfield code="d">22</subfield>
  </datafield>
  <datafield tag="300" ind1=" " ind2=" ">
    <subfield code="a">&#x417;&#x430;&#x433;&#x43B;. &#x438; &#x430;&#x432;&#x442;. &#x43E;&#x440;&#x438;&#x433;.: One summer: America, 1927 / Bill Bryson</subfield>
  </datafield>
  <datafield tag="320" ind1=" " ind2=" ">
    <subfield code="a">&#x411;&#x438;&#x431;&#x43B;&#x438;&#x43E;&#x433;&#x440;. &#x432; &#x43A;&#x43E;&#x43D;&#x446;&#x435; &#x43A;&#x43D;.</subfield>
  </datafield>
  <datafield tag="454" ind1=" " ind2="1">
    <subfield code="1">2001#$aOne summer: America, 1927$fBill Bryson</subfield>
    <subfield code="1">700#1$aBryson$bB.$f1951-$gBill$3RU\NLR\AUTH\77114616</subfield>
    <subfield code="t">One summer: America, 1927</subfield>
    <subfield code="a">Bryson, Bill (1951-)</subfield>
  </datafield>
  <datafield tag="607" ind1=" " ind2=" ">
    <subfield code="a">&#x421;&#x43E;&#x435;&#x434;&#x438;&#x43D;&#x435;&#x43D;&#x43D;&#x44B;&#x435; &#x428;&#x442;&#x430;&#x442;&#x44B; &#x410;&#x43C;&#x435;&#x440;&#x438;&#x43A;&#x438;</subfield>
    <subfield code="j">&#x41F;&#x43E;&#x43F;&#x443;&#x43B;&#x44F;&#x440;&#x43D;&#x44B;&#x435; &#x438;&#x437;&#x434;&#x430;&#x43D;&#x438;&#x44F;</subfield>
    <subfield code="x">&#x418;&#x441;&#x442;&#x43E;&#x440;&#x438;&#x44F;</subfield>
    <subfield code="z">1920-&#x44B;&#x435; &#x433;&#x433;.</subfield>
    <subfield code="9">2461411</subfield>
    <subfield code="3">RU\NLR\AUTH\661462524</subfield>
  </datafield>
  <datafield tag="686" ind1="1" ind2=" ">
    <subfield code="a">&#x422;3(7&#x421;&#x428;&#x410;)61&#x44F;9</subfield>
  </datafield>
  <datafield tag="700" ind1=" " ind2="1">
    <subfield code="8">rus</subfield>
    <subfield code="7">ca</subfield>
    <subfield code="a">&#x411;&#x440;&#x430;&#x439;&#x441;&#x43E;&#x43D;</subfield>
    <subfield code="b">&#x411;.</subfield>
    <subfield code="f">1951-</subfield>
    <subfield code="g">&#x411;&#x438;&#x43B;&#x43B;</subfield>
    <subfield code="3">RU\NLR\AUTH\77114615</subfield>
    <subfield code="9">97540</subfield>
  </datafield>
  <datafield tag="942" ind1=" " ind2=" ">
    <subfield code="c">BOOK</subfield>
  </datafield>
  <datafield tag="980" ind1=" " ind2=" ">
    <subfield code="a">NBR</subfield>
  </datafield>
</record>
